00517nam a2200181Ia 4500008004100000020001800041050001400059245002500073260001000098260003000108260000900138300001400147300002500161300001000186440001700196999001900213952010300232180207s9999 xx 000 0 und d a9780717283402 bL157 1994 aLady and the tramp / aUSA : bGrolier Enterprises Inc., c1994 aunpaged : bcolor illustration ; c22cm. aWalt Disney. c355725d355725 001040aSSISMbSSISMd2018-02-07l0oER L157 1994pSSISM5270r2018-02-07 00:00:00w2018-02-07yBK